Traduction Français -> Espagnol - Statistiques

Statistiques générales
  • Ce quiz a été pris 106 fois
    57 depuis la dernière actualisation
  • Le résultat moyen est 28 sur 137
Statistiques - réponses
Français Espagnol % Correct
fils hijo
95%
après después
81%
l'eau el agua
65%
beau guapo
62%
manger comer
57%
la plage la playa
57%
femme mujer
57%
petit pequeno
57%
le jour el dia
54%
soleil sol
54%
la table de nuit la mesilla de noche
51%
la nuit la noche
51%
la mer el mar
49%
le roi el rey
49%
l'argent el dinero
46%
celèbre famoso
46%
grand grande
46%
pour para
43%
le grand père el abuelo
41%
le ciel el cielo
41%
Etats Unis Estados Unidos
41%
chanson la cancion
41%
la lune la luna
41%
un coeur un corazon
41%
le pain el pan
38%
l'été el verano
38%
chemise la camisa
38%
langue la lengua
38%
la reine la reina
38%
lunettes las gafas
38%
alors que mientras que
38%
un enfant un chico
38%
la rue la calle
35%
je sais que se que
35%
une fête una fiesta
35%
être bien estar bien
32%
les cadeaux los regalos
32%
maintenant ahora
30%
l'océan el oceano
30%
le port el puerto
30%
un paysage un paisaje
30%
petit bajo
27%
chanteur cantante
27%
devant delante
27%
la table la mesa
27%
vacances las vacaciones
27%
barbe una barba
27%
une série una séria
27%
grand alto
24%
moche/laid feo
24%
la famille royale la familia réal
24%
les vêtement la ropa
24%
aimer amar
22%
la banque banco
22%
bière cerveza
22%
le riz el arroz
22%
citron limon
22%
poulet pollo
22%
un plat un plato
22%
concert concierto
19%
connecter conectar
19%
beau hermoso
19%
tableau (école) pizarra
19%
depuis desde hace
16%
langue el idioma
16%
le progrès el progreso
16%
le public el publico
16%
les lumières las luces
16%
interdire prohibir
16%
un montage un montaje
16%
jolie bonita
14%
dîner cenar
14%
collier collar
14%
notoriété fama
14%
veste la chaqueta
14%
cravate la corbata
14%
piment pimiento
14%
un portait un retrato
14%
lapin conejo
11%
tableau (cadre) cuadro
11%
les palmiers las palmeras
11%
relations toxiques relaciones toxicas
11%
casser romper
11%
serpent serpiente
11%
braquage atracar
8%
la maladie la enfermedad
8%
la petite table la mesita
8%
les nuages las nubes
8%
la chance la suerte
8%
la rentrée la vuelta
8%
les bâtiments los edificios
8%
montre reloj
8%
derrière detras de
5%
le champagne el champan
5%
le paradis el paraiso
5%
les bateaux los barcos
5%
les jumeaux los gamelos
5%
les gratte-ciels los rascacielos
5%
mignonne mona
5%
neiger nevar
5%
détester odiar
5%
un sourcil un ceja
5%
haricot blanc alubias
3%
prendre des notes apuntar
3%
cool chulo
3%
fin delgado
3%
élégent elegente
3%
haricots verts judias
3%
la jalousie la envidia
3%
les vagues las olas
3%
boucles d'oreilles los pendientes
3%
enregistrer rodar
3%
suer, transpirer sudar
3%
un rideau una cortina
3%
une photographe una fotografa
3%
un chevalier un caballero
3%
un succès un éxito
3%
logement vivienda
3%
abandoner dejar
0%
douceur dulzura
0%
le maire el alcade
0%
maître el dueno
0%
le parc d'attraction el parque de atracciones
0%
poison el venero
0%
croquée esta mordida
0%
pourrie, moisie esta podrida
0%
pois chiche garbamzos
0%
gros grueso
0%
l'appareil photo la camara fotografica
0%
la princesse la menina
0%
mentir mentida
0%
enneiger nevada
0%
cacher tapar
0%
terrasse tarraza
0%
boire tomar algo
0%
un coup de foudre un flechazo
0%
un monosourcil un monoceja
0%
Aucun quiz correspondant
Distribution des résultats
% des personnes avec chaque résultat
Percentile par nombre de réponses
Votre historique - résultats
Vous n’avez pas pris ce quiz depuis la dernière actualisation